01167agaaa2200289 45000010005000000030009000050050017000140070009000310080040000400400023000800410013001031000049001161300023001652450112001882500022003002600086003223000022004085080033004305110088004635200053005515380016006045460013006206500062006337000059006957000061007547000062008157344IT-RoPAU20220918181238.0d cvaizq50131s9999||||xx ||| | || ||und|| aIT-RoPAUcIT-RoPAU aITALIANO aPirandello LuigigCodice regista SPICS: 2534 aVESTIRE GLI IGNUDI aVESTIRE GLI IGNUDIcDiretto da: Pirandello LuigipVESTIRE GLI IGNUDI (Rif. Codice opera principale : 37344) aEdizione Standard aROMA (ITALIA)bTEATRO DI RAIDUE / g"1986 (1° ed.: 1986 ; Ed. Lingua Orig.: nd)" aVHSbsonoro, col. a"Musica: Marcucci Stefano; " a"Melato Mariangela; Diberti Luigi; Scarpa Renato; Griggio Daniele; Menichetti Anna" aRIPRESE EFFETTUATE AL TEATRO POLITEAMA DI GENOVA aPAL, STEREO aITALIANO aTEATROeTV-TEATRO/DANZA [VHS]xCodice MATERIA SPICS: 9961 aMarcucci Stefanoe(musica)gCodice Musica SPICS: 30771 aPirandello Luigi e(regista)gCodice regista SPICS: 2534 aSepe Giancarlo e(soggetto)gCodice Soggetto SPICS: 17197